00600nam a2200169 i 450000100060000000300090000600500170001500700030003200800410003510000270007624501030010326000290020630000200023585200340025599900170028995201240030694586ES-MaACL20230906181520.0t|050509s1946 fr ||||1| fre d1 aLot, Ferdinand.97429012aL'Art militaire et les armées au Moyen Age en Europe et dans le Proche Orient / cFerdinand Lot. aParis : bPayot, c1946. a2 t. ; c23 cm. aES-MaACLjD-5941-42 bR.31705 c94586d94586 00104070aATENEOMbATENEOMcSVId2008-01-17eSCl0oD-5941-42p901098784r2023-02-23 00:00:00w2023-02-23yMONOGRAFIA